Effect of national culture and organisational culture on employee satisfaction in multinational organisations in Egypt : (Record no. 25305)
[ view plain ]
| 000 -LEADER | |
|---|---|
| fixed length control field | 00894ntm a22002297a 4500 |
| 005 - DATE AND TIME OF LATEST TRANSACTION | |
| control field | 20170813161039.0 |
| 008 - FIXED-LENGTH DATA ELEMENTS--GENERAL INFORMATION | |
| fixed length control field | 170802s2010 xx a frb 000 0 eng d |
| 040 ## - CATALOGING SOURCE | |
| Original cataloging agency | EG-ScBUE |
| Language of cataloging | eng |
| Transcribing agency | EG-ScBUE |
| 082 04 - DEWEY DECIMAL CLASSIFICATION NUMBER | |
| Edition number | 22 |
| Classification number | 650 |
| Item number | KAM |
| 100 1# - MAIN ENTRY--PERSONAL NAME | |
| Personal name | Sherif, Hani Kamel. |
| 245 10 - TITLE STATEMENT | |
| Title | Effect of national culture and organisational culture on employee satisfaction in multinational organisations in Egypt : |
| Remainder of title | Cases from the Egyptian hotel sector / |
| Statement of responsibility, etc | Sherif Hany Kamel. |
| 260 ## - PUBLICATION, DISTRIBUTION, ETC. (IMPRINT) | |
| Date of publication, distribution, etc | 2010. |
| 300 ## - PHYSICAL DESCRIPTION | |
| Extent | 74 p. : |
| Other physical details | ill. (col.) ; |
| Dimensions | 28 cm. |
| 500 ## - GENERAL NOTE | |
| General note | A dissertation submitted in part fulfillment of the requirements for the award of B.A in business administration, human resources specialisation |
| 590 ## - LOCAL NOTE (RLIN) | |
| Local note | rahma khaled |
| 650 #7 - SUBJECT ADDED ENTRY--TOPICAL TERM | |
| Source of heading or term | BUEsh |
| Topical term or geographic name as entry element | Business Administration |
| Form subdivision | Projects |
| 653 ## - INDEX TERM--UNCONTROLLED | |
| Resource For college | BAEPS, Business Administration |
| Arrived date list | August2017 |
| 655 ## - INDEX TERM--GENRE/FORM | |
| Form subdivision | |
| 700 1# - ADDED ENTRY--PERSONAL NAME | |
| Personal name | Fakhr eldin, Hadia. |
| Relator term | ths |
| 777 ## - TEST | |
| tEST | |
| 942 ## - ADDED ENTRY ELEMENTS (KOHA) | |
| Source of classification or shelving scheme | Dewey Decimal Classification |
| Withdrawn status | Lost status | Source of classification or shelving scheme | Damaged status | Not for loan | Home library | Current library | Shelving location | Date acquired | Total Checkouts | Total Renewals | Full call number | Barcode | Checked out | Date last seen | Date last borrowed | Koha item type |
|---|---|---|---|---|---|---|---|---|---|---|---|---|---|---|---|---|
| Dewey Decimal Classification | Central Library | Central Library | Second Floor | 08/08/2017 | 1 | 3 | 650 KAM | 000046472 | 15/02/2023 | 11/09/2022 | 11/09/2022 | Projects - Students (NB) |